| 000 | 00574cam a22001935a 4500 | ||
|---|---|---|---|
| 001 | L158583 | ||
| 008 | 150506s2014 xxk f 000 0 eng d | ||
| 020 | _a9780415844222 | ||
| 035 | _a(Sirsi) u158583 | ||
| 041 | 0 | _aeng | |
| 100 | 1 | _aCook, Charles | |
| 245 | 0 | 0 | _aSuccessful contract administration |
| 260 |
_aOxon _bRoutledge _b2014 |
||
| 520 | _aGuides the student through the critical issues of understanding contract law and obligations for effective project execution. | ||
| 521 | _aAdvanced | ||
| 651 | 4 |
_aUnited Kingdom _y |
|
| 690 | _aCONTRACT | ||
| 942 | _n0 | ||
| 999 |
_c115400 _d115400 |
||